000 00516nam a2200193Ia 4500
003 GCL
008 140319s9999 xx 000 0 eng d
040 _aGCL /
_cGCL
082 0 4 _a962
_bN E
100 1 _aNEWBY, P.H.
245 1 0 _aTHE EGYPT STORY ITS ART,ITS MOWMENTS ITS PEOPLE ITS HISTORY /
_cNEWBY, P.H.
260 _a[S.N] :
_bTHE AMERICAN UNIVERSITY IN CAIRO PRESS ،
_c1987
300 _a259
650 0 4 _aEGYPT
650 0 4 _aHISTORY
650 0 4 _aART- EGYPT
650 0 4 _aMONUMENTS
942 _2ddc
_cBK
999 _c13201
_d13201